| 000 | 01222cam a2200301I 4500 | ||
|---|---|---|---|
| 001 | vintagewinebook00leed | ||
| 003 | CaSfIA | ||
| 005 | 20210119105914.0 | ||
| 007 | cr|||| | ||
| 008 | 771018s1963 nyu 000 0 eng | ||
| 010 | _a 62012737 | ||
| 040 |
_aDLC _cOCP _dAU@ _dCaSfIA |
||
| 035 | _a(OCoLC)3351136 | ||
| 050 | 0 | 0 |
_aTP548 _b.L43 |
| 082 | _a663.2 | ||
| 100 | 1 | _aLeedom, William S. | |
| 245 | 1 | 4 |
_aThe Vintage wine book. _h[electronic resource] |
| 260 |
_aNew York, _bVintage Books _c[1963] |
||
| 300 |
_a264 p. _billus. _c19 cm. |
||
| 504 | _aIncludes bibliography. | ||
| 650 | 0 | _aWine and wine making. | |
| 856 | 4 | 1 |
_uhttp://www.archive.org/details/vintagewinebook00leed _zFree eBook from the Internet Archive |
| 856 | 4 | 2 |
_uhttp://www.openlibrary.org/books/OL5852251M _zAdditional information and access via Open Library |
| 029 | 1 |
_aAU@ _b000010404216 |
|
| 942 | _cEB | ||
| 506 | _fНеобхідна авторизація на https://archive.org/ (створення облікового запису безкоштовно) | ||
| 506 | _fНеобхідна авторизація на https://openlibrary.org/ (створення облікового запису безкоштовно) | ||
| 999 |
_c562389 _d562389 |
||